00346nam a2200133 a 450000500170000000800410001702000180005805000270007624500220010325000220012526000420014730000110018965000120020020140412111319.0010328s19uu xx 00 eng d a0-8172-8380-3 aTR(GS 372.4bP738 1999 aPhonics, level K. aTeacher's Edition aTexas :bSteck-Vaughn Company,c1999. a176 p. aPhonics